| 000 | 00370nam a2200133 a 4500 | ||
|---|---|---|---|
| 005 | 20140414131914.0 | ||
| 008 | 100902s19uu xx 00 eng d | ||
| 050 |
_aFIC _bW24 1991 |
||
| 100 | _aWarner, Gertrude Chandler | ||
| 245 | _aThe animal shelter mystery. | ||
| 260 |
_aNew York : _bScholastic , _c1991. |
||
| 440 | _aThe Boxcar children mystery | ||
| 999 |
_c111382 _d111382 |
||